[Event "Gibraltar Masters 15th"]
[Site "Caleta"]
[Date "2017.01.27"]
[Round "4"]
[White "Robles, Bryan"]
[Black "Van Kemenade, Rudy"]
[Result "1/2-1/2"]
[WhiteElo "1711"]
[BlackElo "1955"]
[PlyCount "78"]
[EventDate "2017.01.24"]
[EventType "swiss"]
[EventRounds "10"]
[EventCountry "GGB"]
[SourceTitle "CBM 177"]
[Source "ChessBase"]
[SourceDate "2017.03.16"]
[SourceVersion "1"]
[SourceVersionDate "2017.03.16"]
[SourceQuality "1"]

1. d4 Nf6 2. c4 g6 3. Nc3 Bg7 4. e4 d6 5. f3 Nc6 6. Be3 a6 7. Qd2 e5 8. d5 Nd4 9. Nge2 c5 10. dxc6 bxc6 11. Nxd4 exd4 12. Bxd4 0-0 13. Be2 Re8 14. 0-0 d5 15. exd5 cxd5 16. cxd5 Nxd5 17. Bxg7 Nxc3 18. Bxc3 Qxd2 19. Bxd2 Rxe2 20. Bc3 Bb7 21. Rfe1 Rae8 22. Rxe2 Rxe2 23. Re1 Rxe1+ 24. Bxe1 Bd5 25. a3 Kf8 26. Kf2 Ke7 27. Ke3 h5 28. Kd4 Kd6 29. Ke3 Ke5 30. Bg3+ Ke6 31. Bb8 Bb3 32. Bc7 Kd7 33. Ba5 Kc6 34. g4 Kb5 35. Bc3 a5 36. gxh5 gxh5 37. Kf4 Bd1 38. Kg3 a4 39. f4 Kc5 1/2-1/2

[Event "Gibraltar Amateur op-A"]
[Site "Caleta"]
[Date "2017.01.26"]
[Round "4"]
[White "Robles, Bryan"]
[Black "Bullock, Lee"]
[Result "1-0"]
[WhiteElo "1711"]
[BlackElo "1563"]
[PlyCount "43"]
[EventDate "2017.01.23"]
[EventType "swiss"]
[EventRounds "5"]
[EventCountry "GGB"]
[SourceTitle "CBM 176 Extra"]
[Source "ChessBase"]
[SourceDate "2017.03.02"]
[SourceVersion "1"]
[SourceVersionDate "2017.03.02"]
[SourceQuality "1"]

1. d4 Nf6 2. c4 e6 3. Nc3 d5 4. e3 b6 5. Nf3 Bb7 6. Bd3 Nbd7 7. 0-0 Be7 8. b3 0-0 9. Bb2 c5 10. cxd5 exd5 11. Qe2 a6 12. Rac1 b5 13. dxc5 Nxc5 14. Bb1 b4 15. Na4 Nxa4 16. bxa4 Qa5 17. Qc2 Rac8 18. Qf5 g6 19. Qe5 Qd8 20. Rxc8 Bxc8 21. Rc1 Qd6 22. Qxd6 1-0

[Event "Gibraltar Masters 15th"]
[Site "Caleta"]
[Date "2017.01.25"]
[Round "2"]
[White "Robles, Bryan"]
[Black "Gonzalez Gonzalez, Alfonso"]
[Result "0-1"]
[WhiteElo "1711"]
[BlackElo "2162"]
[PlyCount "184"]
[EventDate "2017.01.24"]
[EventType "swiss"]
[EventRounds "10"]
[EventCountry "GGB"]
[SourceTitle "CBM 177"]
[Source "ChessBase"]
[SourceDate "2017.03.16"]
[SourceVersion "1"]
[SourceVersionDate "2017.03.16"]
[SourceQuality "1"]

1. d4 Nf6 2. c4 e6 3. Nc3 Bb4 4. Qc2 b6 5. e4 Bxc3+ 6. bxc3 Bb7 7. Bd3 d6 8. Nf3 Nc6 9. 0-0 e5 10. h3 Qe7 11. Be3 Nd7 12. Qe2 Na5 13. Nd2 g5 14. Nb3 Nc6 15. d5 Nd8 16. a4 a5 17. g3 Rg8 18. Kh2 f6 19. Qh5+ Nf7 20. Qg4 Nf8 21. f4 h5 22. Qf3 exf4 23. gxf4 g4 24. hxg4 hxg4 25. Qg3 Rh8+ 26. Kg2 Rh3 27. Qf2 Ng6 28. Rh1 Rf3 29. Qd2 f5 30. Nd4 Nh4+ 31. Rxh4 Qxh4 32. Nxf3 Qh3+ 33. Kg1 gxf3 34. Qh2 f2+ 35. Qxf2 0-0-0 36. Bf1 Rg8+ 37. Bg2 Rxg2+ 38. Qxg2 Qxe3+ 39. Kf1 Qxc3 40. Re1 Qxc4+ 41. Kg1 Qd4+ 42. Kh2 Qxa4 43. Qg6 Qd7 44. exf5 Bxd5 45. f6 Qa4 46. Qf5+ Kb8 47. Qxd5 Qxf4+ 48. Kg1 Qxf6 49. Re8+ Nd8 50. Qg8 Kc8 51. Qg4+ Kb7 52. Qg8 Nc6 53. Ra8 Qf5 54. Rf8 Qc5+ 55. Kf1 d5 56. Qf7 Qc4+ 57. Kg1 Qd4+ 58. Kh2 Qe5+ 59. Kg1 Qe7 60. Qf5 Qg7+ 61. Kh1 Qa1+ 62. Kg2 Qb2+ 63. Kh3 Qc3+ 64. Kg2 Qd2+ 65. Kg1 Qe3+ 66. Kf1 Qc1+ 67. Kg2 Qb2+ 68. Kh3 Qc3+ 69. Kg2 Ne7 70. Qf7 Qd2+ 71. Kf1 Qd3+ 72. Ke1 Qe4+ 73. Kd1 Ng6 74. Re8 Qd4+ 75. Ke1 Ne5 76. Qf5 Qe3+ 77. Kf1 Qd3+ 78. Qxd3 Nxd3 79. Ke2 Nb4 80. Kd2 c5 81. Kc3 Ka6 82. Rc8 Kb5 83. Kb3 d4 84. Rc7 c4+ 85. Kb2 Nd3+ 86. Kc2 Kb4 87. Rd7 Kc5 88. Rc7+ Kd5 89. Rc8 Nb4+ 90. Kc1 c3 91. Rc7 d3 92. Rxc3 Na2+ 0-1

[Event "Madrid San Viator op 20th"]
[Site "Madrid"]
[Date "2013.04.07"]
[Round "1"]
[White "Olias Ruiz, Enrique"]
[Black "Robles, Bryan"]
[Result "0-1"]
[WhiteElo "1398"]
[BlackElo "1708"]
[PlyCount "52"]
[EventDate "2013.04.07"]
[EventType "swiss"]
[EventRounds "9"]
[EventCountry "ESP"]
[SourceTitle "EXT 2014"]
[Source "ChessBase"]
[SourceDate "2013.11.20"]
[SourceVersion "1"]
[SourceVersionDate "2013.11.20"]
[SourceQuality "1"]

1. e4 c5 2. Nc3 d6 3. b3 Nf6 4. f3 Nc6 5. Nge2 e5 6. Bb2 a6 7. d3 Bd7 8. Qd2 Qc7 9. a3 Rc8 10. h3 Be7 11. 0-0-0 Nd4 12. Ng3 h6 13. a4 b5 14. Nd5 Nxd5 15. exd5 Bg5 16. Re1 Bxd2+ 17. Kxd2 0-0 18. Re4 bxa4 19. bxa4 Qa5+ 20. Bc3 Qxa4 21. Be2 Qxc2+ 22. Ke3 Qxc3 23. Rb1 f5 24. Rh4 f4+ 25. Ke4 Nxe2 26. Nxe2 Bf5# 0-1

[Event "Madrid San Viator op 19th"]
[Site "Madrid"]
[Date "2012.11.18"]
[Round "9"]
[White "Moreno Zamora, Gregorio"]
[Black "Robles, Bryan"]
[Result "1-0"]
[WhiteElo "1724"]
[BlackElo "1897"]
[PlyCount "65"]
[EventDate "2012.09.23"]
[EventType "swiss"]
[EventRounds "9"]
[EventCountry "ESP"]
[SourceTitle "EXT 2013"]
[Source "ChessBase"]
[SourceDate "2012.11.22"]
[SourceVersion "1"]
[SourceVersionDate "2012.11.22"]
[SourceQuality "1"]

1. d4 d5 2. c4 e6 3. Nc3 Nf6 4. Bg5 Nbd7 5. e3 c6 6. Nf3 Qa5 7. cxd5 exd5 8. Bxf6 Nxf6 9. Nd2 Bb4 10. Qc2 0-0 11. Bd3 Bg4 12. h3 Bh5 13. Nb3 Qc7 14. 0-0 Rac8 15. Bf5 Bg6 16. Bxg6 fxg6 17. Nd2 Bd6 18. e4 dxe4 19. Ndxe4 Nxe4 20. Nxe4 Qd7 21. Qc4+ Kh8 22. Rad1 Be7 23. Nc5 Bxc5 24. dxc5 Qf5 25. Rd3 Qe5 26. Qc2 Rc7 27. Rfd1 Rcf7 28. a3 Qf5 29. R1d2 h6 30. Qc3 Qe6 31. Re3 Qa2 32. Re1 Rf6 33. b3 1-0